000 01788cpcaa2200373 a 4500
001 mm 99084403
003 DLC
005 20260227111728.0
007 cr |||||||||||
008 990618|||||||||||| eng
010 _amm 99084403
040 _aDLC
_cDLC
_dDLC
_edacs
072 7 _aS
_2lcmd
100 1 _aRosenberg, Paul,
_d1910-1999.
245 0 0 _aPaul Rosenberg papers,
_f1934-1953
_g(bulk 1936-1940).
300 _a425
_fitems.
300 _a3
_fcontainers plus
_a1
_foversize.
300 _a0.5
_flinear feet.
506 0 _aOpen to research.
520 8 _aCorrespondence, writings, notes, printed matter, graphs, calculations, photographs, and other material relating chiefly to molecular beams research conducted by Rosenberg as a graduate student under the direction of I. I. Rabi at Columbia University from 1936 to 1940. Later material relates to his firm of consulting physicists, Paul Rosenberg and Associates, Pelham, N.Y.
545 0 _aPhysicist.
546 _aCollection material in English.
555 8 _aFinding aid available in the Library of Congress Manuscript Reading Room and at
_uhttp://hdl.loc.gov/loc.mss/eadmss.ms009136
600 1 0 _aRabi, I. I.
_q(Isidor Isaac),
_d1898-1988.
610 2 0 _aColumbia University.
610 2 0 _aPaul Rosenberg and Associates (Pelham, N.Y.)
650 0 _aMolecular beams
_xResearch.
650 0 _aPhysics
_xResearch.
656 7 _aPhysicists.
_2itoamc
856 4 _3Finding aid
_uhttp://hdl.loc.gov/loc.mss/eadmss.ms009136
856 4 _3Finding aid (PDF)
_uhttp://hdl.loc.gov/loc.mss/eadmss.ms009136.3
999 _c44539
_d44539